000 00570nam a2200205Ii 4500
001 8126
003 CO-ViMGA
008 241108s9999||||xx |||||||||||||| ||und||
040 _aCO-ViMGA
_bspa
_erda
_cCO-ViMGA
041 0 _aspa
084 _aN GOL5vi
100 1 _aOliverio Goldsmith
_950918
245 1 0 _aEl vicario de Wakefield
264 1 _aMadrid, EspaƱa : Bruguera, 1970
300 _avolumen
336 _atext
_btxt
_2rdacontent
337 _aunmediated
_bn
_2rdamedia
338 _avolume
_bnc
_2rdacarrier
940 _aidficha_siabuc: 7945. -- ficha_no_siabuc:8126
999 _c45617
_d45617